Ihr einziger Nummer 1-Hit #2 - Statistiken

Allgemein
  • Dieses Quiz wurde 208 mal gespielt
  • Das Durchschnittsergebnis liegt bei 10 aus 26
Antwortstatistiken
Interpret #1 Song % Korrekt
Fools Garden Lemon Tree
77%
Coolio Gangsta's Paradise
68%
Matthias Reim Verdammt, ich lieb’ Dich
67%
Nina Chuba Wildberry Lillet
66%
Culcha Candela Hamma
63%
Spider Murphy Gang Skandal im Sperrbezirk
63%
Dschinghis Khan Dschinghis Khan
51%
Polarkreis 18 Allein Allein
48%
Stefan Raab Maschen-Draht-Zaun
48%
Drafi Deutscher Marmor, Stein und Eisen bricht
46%
Sinéad O'Connor Nothing Compares 2 U
46%
Markus Ich will Spaß
42%
Usher Yeah!
40%
Meat Loaf I'd Do Anything for Love (But I Won't Do That)
36%
Sportfreunde Stiller ’54, ’74, ’90, 2006
35%
Henning May Vermissen
32%
Peter Fox Zukunft Pink
31%
Jennifer Lopez On the Floor
29%
Carlos Santana Maria Maria
20%
Linkin Park The Emptiness Machine
17%
Christina Aguilera Lady Marmalade
10%
Frank Sinatra Strangers in the Night
8%
Ricky Martin The Cup of Life / La copa de la vida
8%
Barbra Streisand Woman in Love
7%
The Kelly Family I Can’t Help Myself (I Love You, I Want You)
2%
The Beach Boys Sloop John B
2%
Keine übereinstimmenden Quizze gefunden
Verteilung der Resultate
Anzahl Personen mit jedem Resultat
Perzentil nach korrekt beantworteten Fragen
Ihre Resultats-Entwicklung
Sie haben dieses Quiz noch nicht gespielt